Riziká liberalizmu v súčasných medzinárodných vzťahoch (niektoré explanačné aspekty reflexie a percepcie)

Snaha explanovať problematiku rizík liberalizmu v súčasných medzinárodných vzťahoch predovšetkým v kontexte niektorých aspektov vzťahu reflexií publicistického i teoretického charakteru k percepciám. Ponímanie pojmu riziko, reflexia. Liberalizmus v dielach niektorých autorov.

Na minha lista:
Detalhes bibliográficos
Autor principal: Barát, Peter
Formato: Capítulo de Livro
Idioma:eslovaco
Assuntos:
Tags: Adicionar Tag
Sem tags, seja o primeiro a adicionar uma tag!

MARC

LEADER 00000naa$a2200000$$$4500
001 0052629
005 20240502071617.0
041 0 |a slo 
044 |a SK 
245 1 0 |a Riziká liberalizmu v súčasných medzinárodných vzťahoch (niektoré explanačné aspekty reflexie a percepcie)  |c Peter Barát 
520 |a Snaha explanovať problematiku rizík liberalizmu v súčasných medzinárodných vzťahoch predovšetkým v kontexte niektorých aspektov vzťahu reflexií publicistického i teoretického charakteru k percepciám. Ponímanie pojmu riziko, reflexia. Liberalizmus v dielach niektorých autorov. 
610 2 0 |a liberalizmus 
610 2 0 |a riziko 
610 2 0 |a vzťahy medzinárodné 
610 2 0 |a teórie ekonomické 
100 1 |a Barát, Peter